|
|
|
|
| LEADER |
00000nam0a2200000 4500 |
| 001 |
36052 |
| 005 |
20231101210339.0 |
| 010 |
|
|
|a 5030011293
|
| 035 |
|
|
|a (RuTPU)RU\TPU\book\36513
|
| 035 |
|
|
|a BOOK00003165
|
| 090 |
|
|
|a 36052
|
| 100 |
|
|
|a 20011210d1989 k y0rusy50 ca
|
| 101 |
1 |
|
|a rus
|c eng
|
| 102 |
|
|
|a RU
|
| 105 |
|
|
|a a z 001zy
|
| 200 |
1 |
|
|a Современные методы исследования поверхности
|e пер. с англ.
|f Д. Вудраф, Т. Делчар
|
| 210 |
|
|
|a Москва
|c Мир
|d 1989
|
| 215 |
|
|
|a 568 с.
|c ил.
|
| 320 |
|
|
|a Библиогр.: с. 545-555
|
| 320 |
|
|
|a Указатель имен., хим. соединений, предм.: с. 559-568
|
| 606 |
1 |
|
|a Твердые тела
|x Поверхностные свойства
|2 stltpush
|3 (RuTPU)RU\TPU\subj\58666
|9 76434
|
| 610 |
1 |
|
|a физика
|
| 610 |
1 |
|
|a химия
|
| 610 |
1 |
|
|a твердые тела
|
| 610 |
1 |
|
|a поверхностные свойства
|
| 610 |
1 |
|
|a исследование
|
| 675 |
|
|
|a 539.211
|v 3
|
| 700 |
|
1 |
|a Вудраф
|b Д.
|
| 701 |
|
1 |
|a Делчар
|b Т.
|
| 801 |
|
0 |
|a RU
|b 63413507
|c 20011210
|g PSBO
|
| 801 |
|
2 |
|a RU
|b 63413507
|c 20170905
|g PSBO
|
| 900 |
|
|
|a Основы анализа поверхности твердых тел и тонких пленок
|
| 942 |
|
|
|c BK
|